000 00583nam a22001937a 4500
005 20251108165320.0
008 250721s1982 xx 000 0 ara d
082 1 4 _a956.613/احم
100 1 _aالبرادعي، أحمد بن محمد صالح الحسيني
245 1 0 _aالمدينة المنورة عبر التاريخ الإسلامي /
264 1 _aبيروت :
_bمطابع الكتب،
_c1982.
300 _a159ص
650 1 7 _aالسعودية
650 1 7 _aالتاريخ
650 1 7 _aنجد
650 1 7 _aالحجاز
942 _2ddc
_cBK
999 _c24907
_d24907